|
|
|
|
| LEADER |
00000nam0a2200000 4500 |
| 001 |
28245 |
| 005 |
20231101205837.0 |
| 010 |
|
|
|a 5020003298
|
| 035 |
|
|
|a (RuTPU)RU\TPU\book\28501
|
| 035 |
|
|
|a BOOK00028576
|
| 090 |
|
|
|a 28245
|
| 100 |
|
|
|a 20011209d1993 k y0rusy50 ca
|
| 101 |
0 |
|
|a rus
|
| 102 |
|
|
|a RU
|
| 105 |
|
|
|a a z 001zy
|
| 200 |
1 |
|
|a Оптические и электрические свойства полупроводников
|f Российская академия наук, Физический институт им. П. Н. Лебедева ; под ред. Ю. В. Копаева
|
| 210 |
|
|
|a Москва
|c Наука
|d 1993
|
| 215 |
|
|
|a 238 с.
|c ил.
|
| 225 |
1 |
|
|a Труды физического института им. П. Н. Лебедева (ФИАН)
|v Т. 224
|
| 300 |
|
|
|a Год основания изд. 1936
|
| 320 |
|
|
|9 572
|a Библиогр. в конце ст.
|
| 610 |
1 |
|
|a физика
|
| 610 |
1 |
|
|a полупроводники
|
| 610 |
1 |
|
|a оптические свойства
|
| 610 |
1 |
|
|a электрические свойства
|
| 610 |
1 |
|
|a инфракрасная люминесценция
|
| 610 |
1 |
|
|a энергетический спектр
|
| 610 |
1 |
|
|a германий
|
| 610 |
1 |
|
|a кристаллы
|
| 610 |
1 |
|
|a чистая поверхность
|
| 610 |
1 |
|
|a заряды
|
| 610 |
1 |
|
|a носители
|
| 610 |
1 |
|
|a тяжелые дырки
|
| 610 |
1 |
|
|a алмаз
|
| 610 |
1 |
|
|a отрицательные массы
|
| 610 |
1 |
|
|a циклотронный резонанс
|
| 675 |
|
|
|a 537.311.322
|v 3
|
| 702 |
|
1 |
|a Копаев
|b Ю. В.
|4 340
|
| 712 |
0 |
2 |
|a Российская академия наук
|b Физический институт им. П. Н. Лебедева
|c (Москва)
|2 stltpush
|3 (RuTPU)RU\TPU\col\3474
|9 23841
|
| 801 |
|
0 |
|a RU
|b 63413507
|c 20011209
|g PSBO
|
| 801 |
|
2 |
|a RU
|b 63413507
|c 20210722
|g RCR
|
| 942 |
|
|
|c BK
|